Abhigyan (Record no. 207339)

MARC details
000 -LEADER
fixed length control field 00338nam a22001337a 4500
003 - CONTROL NUMBER IDENTIFIER
control field dpl
005 - DATE AND TIME OF LATEST TRANSACTION
control field 20241203114343.0
008 - FIXED-LENGTH DATA ELEMENTS--GENERAL INFORMATION
fixed length control field 241203b |||||||| |||| 00| 0 eng d
022 ## - INTERNATIONAL STANDARD SERIAL NUMBER
International Standard Serial Number 0970-2385
245 ## - TITLE STATEMENT
Title Abhigyan
Statement of responsibility, etc Nirmalya bandyopadhyay
260 ## - PUBLICATION, DISTRIBUTION, ETC. (IMPRINT)
Place of publication, distribution, etc New Delhi
Name of publisher, distributor, etc sage publication
300 ## - PHYSICAL DESCRIPTION
Extent Vol.42, Issue 4
942 ## - ADDED ENTRY ELEMENTS (KOHA)
Source of classification or shelving scheme Dewey Decimal Classification
Item type Periodicals
Call number suffix ABH
Serial record 1
Holdings
Withdrawn status Lost status Source of classification or shelving scheme Damaged status Not for loan Home library Current library Date acquired Source of acquisition Total Checkouts Full call number Date last seen Copy number Price effective from Koha item type
    Dewey Decimal Classification     D.B.Act.Division D.B.Act.Division 03/12/2024 DBAD   ABH 03/12/2024 1 03/12/2024 Periodicals

© Delhi Public Library
Hit Counter
free hit counter